Adaptation to thermal environment : (Record no. 5147)
[ view plain ]
| 000 -LEADER | |
|---|---|
| fixed length control field | 00869nam a2200265uu 4500 |
| 003 - CONTROL NUMBER IDENTIFIER | |
| control field | Ohttp://opac.auc.ac.ke:8080/cgi-bin/koha/cataloguing/addbooks.pl#CoLC |
| 005 - DATE AND TIME OF LATEST TRANSACTION | |
| control field | 20220404122444.0 |
| 008 - FIXED-LENGTH DATA ELEMENTS--GENERAL INFORMATION | |
| fixed length control field | 000000u19790000xxua 0|1 u|eng d |
| 020 ## - INTERNATIONAL STANDARD BOOK NUMBER | |
| International Standard Book Number | 0839114206 |
| 040 ## - CATALOGING SOURCE | |
| Transcribing agency | ALUPE UNIVERSITY COLLEGE |
| 050 ## - LIBRARY OF CONGRESS CALL NUMBER | |
| Classification number | QT165 |
| Item number | .M92 1979 |
| 090 0# - LOCALLY ASSIGNED LC-TYPE CALL NUMBER (OCLC); LOCAL CALL NUMBER (RLIN) | |
| Classification number (OCLC) (R) ; Classification number, CALL (RLIN) (NR) | SF768 .M9 1979 |
| 100 1# - MAIN ENTRY--PERSONAL NAME | |
| Personal name | Mount, L. E. |
| Dates associated with a name | 1923- |
| 245 10 - TITLE STATEMENT | |
| Title | Adaptation to thermal environment : |
| Remainder of title | man and his productive animals / |
| Statement of responsibility, etc. | Laurence E. Mount. |
| 260 ## - PUBLICATION, DISTRIBUTION, ETC. | |
| Place of publication, distribution, etc. | Baltimore : |
| Name of publisher, distributor, etc. | University Park Press, |
| Date of publication, distribution, etc. | c1979. |
| 300 ## - PHYSICAL DESCRIPTION | |
| Extent | xiii, 333 p. : |
| Other physical details | ill. ; |
| Dimensions | 22 cm. |
| 500 ## - GENERAL NOTE | |
| General note | Bibliography: p. [293]-322. |
| 500 ## - GENERAL NOTE | |
| General note | Includes index. |
| 650 #0 - SUBJECT ADDED ENTRY--TOPICAL TERM | |
| Topical term or geographic name entry element | Veterinary physiology. |
| 650 #0 - SUBJECT ADDED ENTRY--TOPICAL TERM | |
| Topical term or geographic name entry element | Body temperature |
| General subdivision | Regulation. |
| 650 #0 - SUBJECT ADDED ENTRY--TOPICAL TERM | |
| Topical term or geographic name entry element | Human physiology. |
| 907 ## - LOCAL DATA ELEMENT G, LDG (RLIN) | |
| a | .b12418900 |
| 942 ## - ADDED ENTRY ELEMENTS (KOHA) | |
| Source of classification or shelving scheme | |
| Koha item type | Book |
| Suppress in OPAC | PW |
| Withdrawn status | Lost status | Source of classification or shelving scheme | Damaged status | Not for loan | Permanent Location | Current Location | Shelving location | Date acquired | Source of acquisition | Total Checkouts | Full call number | Barcode | Date last seen | Copy number | Price effective from | Koha item type | Public note |
|---|---|---|---|---|---|---|---|---|---|---|---|---|---|---|---|---|---|
| AU LIBRARY | AU LIBRARY | Open Shelf | 04.04.2022 | DONATION FROM MOI UNIVERSITY | QT165 .M92 1979 C1 | 28007391 | 04.04.2022 | 1 | 04.04.2022 | Book | PW | ||||||
| AU LIBRARY | AU LIBRARY | Open Shelf | 26.04.2022 | DONATION FROM MOI UNIVERSITY | QT165 .M92 1979 C2 | 28009260 | 26.04.2022 | 2 | 26.04.2022 | Book | PW |